Turisztikai imázs vizsgálat a balatoni üdülőkörzetben

Bibliographic Details
Main Author: Pattantyús Petra
Other Authors: Holczerné Szentirmai Ágnes
Format: Thesis
Kulcsszavak:imázs, Balaton
Desztináció
TDM
turizmus
Online Access:http://dolgozattar.uni-bge.hu/8453

MARC

LEADER 00000nta a2200000 i 4500
001 dolg8453
005 20170207162912.0
008 161208suuuu hu om 000 hun d
040 |a BGE Dolgozattár Repozitórium  |b hun 
041 |a hu 
100 1 |a Pattantyús Petra 
245 1 0 |a Turisztikai imázs vizsgálat a balatoni üdülőkörzetben  |c Pattantyús Petra  |h [elektronikus dokumentum] 
246 1 1 |a Turisztikai imázs vizsgálat a balatoni üdülőkörzetben 
695 |a imázs, Balaton 
695 |a Desztináció 
695 |a TDM 
695 |a turizmus 
700 1 |a Holczerné Szentirmai Ágnes  |e ths 
856 4 0 |u http://dolgozattar.uni-bge.hu/8453/1/Turisztikai%20im%C3%A1zs%20vizsg%C3%A1lat%20a%20balatoni%20%C3%BCd%C3%BCl%C5%91k%C3%B6rzetben.pdf  |z Dokumentum-elérés